| 000 -LEADER |
| fixed length control field |
01128cam a2200265Ki 4500 |
| 020 ## - INTERNATIONAL STANDARD BOOK NUMBER |
| ISBN |
9783642292804 (electronic bk.) |
| 020 ## - INTERNATIONAL STANDARD BOOK NUMBER |
| ISBN |
3642292801 (electronic bk.) |
| 040 ## - CATALOGING SOURCE |
| Transcribing agency |
GW5XE |
| 082 04 - DEWEY DECIMAL CLASSIFICATION NUMBER |
| Classification number |
004 MOY 2004 C161 Or. |
| 245 10 - TITLE STATEMENT |
| Title |
Advanced computing, networking and security : |
| Remainder of title |
International Conference, ADCONS 2011, Surathkal, India, December 16-18, 2011 : revised selected papers / |
| 246 30 - VARYING FORM OF TITLE |
| Title proper/short title |
ADCONS 2011 |
| 300 ## - PHYSICAL DESCRIPTION |
| Number of Pages |
1 online resource (xvii, 641 pages) : |
| Other physical details |
illustrations (some color). |
| 490 1# - SERIES STATEMENT |
| Series statement |
Lecture notes in computer science, |
| 490 1# - SERIES STATEMENT |
| Series statement |
LNCS sublibrary. SL 3, Information systems and application, incl. Internet/Web and HCI |
| 650 #0 - SUBJECT ADDED ENTRY--TOPICAL TERM |
| Topical Term |
Computer science |
| 650 #0 - SUBJECT ADDED ENTRY--TOPICAL TERM |
| Topical Term |
Computer networks |
| 650 #0 - SUBJECT ADDED ENTRY--TOPICAL TERM |
| Topical Term |
Computer security |
| 650 #0 - SUBJECT ADDED ENTRY--TOPICAL TERM |
| Topical Term |
Computer network architectures |
| 700 1# - ADDED ENTRY--PERSONAL NAME |
| Personal name |
Thilagam, P. Santhi. |
| 710 2# - ADDED ENTRY--CORPORATE NAME |
| Corporate name or jurisdiction name as entry element |
Ohio Library and Information Network. |
| 856 40 - ELECTRONIC LOCATION AND ACCESS |
| Uniform Resource Identifier |
http://rave.ohiolink.edu/ebooks/ebc/9783642292804 |
| 856 40 - ELECTRONIC LOCATION AND ACCESS |
| Uniform Resource Identifier |
http://dx.doi.org/10.1007/978-3-642-29280-4 |
| 856 40 - ELECTRONIC LOCATION AND ACCESS |
| Uniform Resource Identifier |
http://proxy.ohiolink.edu:9099/login?url=http://dx.doi.org/10.1007/978-3-642-29280-4 |
| 942 ## - ADDED ENTRY ELEMENTS (KOHA) |
| Koha item type |
ADB |
| 952 ## - LOCATION AND ITEM INFORMATION (KOHA) |
| Withdrawn status [LOCAL, KOHA] |
0 |